000 00313nam a2200121Ia 4500
005 20251222155149.0
008 251222s9999||||xx |||||||||||||| ||spa||
082 _aLEN.100
100 _aAlegría Zegarra H.
245 0 _aPensamientos y recopilación de refranes populares
264 _bCopi Cervice
942 _cLIB
999 _c39509
_d39509